Sakit jantung bagaimana mengatasinya : (Record no. 2541)
[ view plain ]
| 000 -LEADER | |
|---|---|
| fixed length control field | nam a22 a 4500 |
| 003 - CONTROL NUMBER IDENTIFIER | |
| control field | AKMAL |
| 005 - DATE AND TIME OF LATEST TRANSACTION | |
| control field | 20170517110109.0 |
| 008 - FIXED-LENGTH DATA ELEMENTS--GENERAL INFORMATION | |
| fixed length control field | 170517s2003 my a e | 000 | may d |
| 020 ## - INTERNATIONAL STANDARD BOOK NUMBER | |
| International Standard Book Number | 9831971256 (kkt.) : |
| Terms of availability | RM16.50 |
| 040 ## - CATALOGING SOURCE | |
| Original cataloging agency | AKMAL |
| Transcribing agency | AKMAL |
| 082 04 - DEWEY DECIMAL CLASSIFICATION NUMBER | |
| Classification number | 616.12 SAU |
| Edition number | 21 |
| 090 00 - LOCALLY ASSIGNED LC-TYPE CALL NUMBER (OCLC); LOCAL CALL NUMBER (RLIN) | |
| Classification number (OCLC) (R) ; Classification number, CALL (RLIN) (NR) | 616.12 |
| Local cutter number (OCLC) ; Book number/undivided call number, CALL (RLIN) | SAU |
| 100 1# - MAIN ENTRY--PERSONAL NAME | |
| Personal name | Sauvage, Lester R. |
| 9 (RLIN) | 5290 |
| 245 10 - TITLE STATEMENT | |
| Title | Sakit jantung bagaimana mengatasinya : |
| Remainder of title | pencegahan dan rawatan / |
| Statement of responsibility, etc. | Lester R. Sauvage ; [penterjemah], Kamarulzaman |
| 260 ## - PUBLICATION, DISTRIBUTION, ETC. | |
| Place of publication, distribution, etc. | Bangsar : |
| Name of publisher, distributor, etc. | Synergy Books International, |
| Date of publication, distribution, etc. | 2003 |
| 300 ## - PHYSICAL DESCRIPTION | |
| Extent | 153ms. : |
| Other physical details | il. ; |
| Dimensions | 22cm. |
| 650 #0 - SUBJECT ADDED ENTRY--TOPICAL TERM | |
| Topical term or geographic name entry element | Heart |
| General subdivision | Diseases |
| 9 (RLIN) | 5291 |
| 650 #0 - SUBJECT ADDED ENTRY--TOPICAL TERM | |
| Topical term or geographic name entry element | Heart |
| General subdivision | Diseases |
| -- | Treatment |
| 9 (RLIN) | 5292 |
| 650 #0 - SUBJECT ADDED ENTRY--TOPICAL TERM | |
| Topical term or geographic name entry element | Heart |
| General subdivision | Diseases |
| -- | Prevention |
| 9 (RLIN) | 5293 |
| 700 0# - ADDED ENTRY--PERSONAL NAME | |
| Personal name | Dr. Kamarulzaman |
| 9 (RLIN) | 5294 |
| 942 ## - ADDED ENTRY ELEMENTS (KOHA) | |
| Source of classification or shelving scheme | |
| Koha item type | Book |
| Withdrawn status | Lost status | Source of classification or shelving scheme | Damaged status | Not for loan | Collection code | Home library | Current library | Shelving location | Date acquired | Inventory number | Total Checkouts | Full call number | Barcode | Date last seen | Price effective from | Koha item type |
|---|---|---|---|---|---|---|---|---|---|---|---|---|---|---|---|---|
| NON-FICTION | AKMAL Melaka | AKMAL Melaka | PINJAMAN | 17.05.2017 | 602404 | 616.12 SAU | 201703441 | 17.05.2017 | 17.05.2017 | Book |
